Apéndice a la décima edición de las Leyes penales de España... / (Record no. 193774)

MARC details
000 -LEADER
campo de control de longitud fija 01354nam a2200349 i 4500
001 - NÚMERO DE CONTROL
campo de control 193774
003 - IDENTIFICADOR DE NÚMERO DE CONTROL
campo de control ES-MaACL
005 - FECHA Y HORA DE LA ÚLTIMA TRANSACCIÓN
campo de control 20250827062645.0
007 - CAMPO FIJO DE DESCRIPCIÓN FÍSICA--INFORMACIÓN GENERAL
campo de control de longitud fija ta
008 - DATOS DE LONGITUD FIJA--INFORMACIÓN GENERAL
campo de control de longitud fija 240220s1961 sp 000 0 spa d
035 ## - NÚMERO DE CONTROL DEL SISTEMA
Número de control de sistema Rebiun04661427
040 ## - FUENTE DE CATALOGACIÓN
Centro catalogador/agencia de origen BUPV.
Lengua de catalogación spa
Centro/agencia transcriptor ES-MaACL
080 ## - NÚMERO DE LA CLASIFICACIÓN DECIMAL UNIVERSAL
Número de la Clasificación Decimal Universal 343(460)(094.5)
110 1# - ENTRADA PRINCIPAL--NOMBRE DE ENTIDAD CORPORATIVA
Nombre de entidad corporativa o nombre de jurisdicción como elemento de entrada España
9 (RLIN) 3622
240 10 - TÍTULO UNIFORME
Título uniforme [Leyes, etc., penales]
245 10 - MENCIÓN DEL TÍTULO
Título Apéndice a la décima edición de las Leyes penales de España... /
Mención de responsabilidad, etc. por León Medina y Manuel Marañón ; revisado, corregido y puesto al día por Federico Castejón y Manuel Marañón y colaboradores de la "Revista General de Legislación y Jurisprudencia"
260 ## - PUBLICACIÓN, DISTRIBUCIÓN, ETC.
Nombre del editor, distribuidor, etc. Instituto Editorial Reus, ;
Lugar de publicación, distribución, etc. Madrid :,
Fecha de publicación, distribución, etc. 1961
300 ## - DESCRIPCIÓN FÍSICA
Extensión 873, 7 p. ;
Dimensiones 18 cm
336 ## - TIPO DE CONTENIDO
Fuente rdacontent
Término de tipo de contenido texto
337 ## - TIPO DE MEDIO
Fuente rdamedia
Nombre/término del tipo de medio sin mediación
338 ## - TIPO DE SOPORTE
Fuente rdacarrier
Nombre/término del tipo de soporte volumen
490 1# - MENCIÓN DE SERIE
Mención de serie Biblioteca Medina y Marañón
650 #4 - PUNTO DE ACCESO ADICIONAL DE MATERIA--TÉRMINO DE MATERIA
Término de materia o nombre geográfico como elemento de entrada Derecho penal-
Subdivisión geográfica España
9 (RLIN) 11752
655 #0 - TERMINO DE INDIZACIÓN--GENERO/FORMA
Datos o término principal de género/forma Legislación
9 (RLIN) 226283
700 1# - ENTRADA AGREGADA--NOMBRE PERSONAL
Nombre de persona Marañón, Manuel
9 (RLIN) 76316
700 1# - ENTRADA AGREGADA--NOMBRE PERSONAL
Nombre de persona Medina, León
9 (RLIN) 79703
830 ## - PUNTO DE ACCESO ADICIONAL DE SERIE-TÍTULO UNIFORME
9 (RLIN) 184645
Título uniforme Biblioteca Medina y Marañón
852 ## - LOCALIZACIÓN
Ubicación ES-MaACL
Sublocalización o colección R.79205
Ubicación en estantería Depósito 2
Signatura antigua Olim: A-5482
-- Olim: L 343(460)ESP
Número de control de estantería G-16135
itemnumber 201333
942 ## - ELEMENTOS DE ENTRADA SECUNDARIOS (KOHA)
Suprimir en OPAC No
Tipo de ítem Koha Libro impreso
Holdings
Estatus retirado Estado de pérdida Fuente del sistema de clasificación o colocación Estado de daño No para préstamo Biblioteca de origen Biblioteca actual Ubicación en estantería Fecha de adquisición Fuente de adquisición Total de préstamos Signatura topográfica completa Código de barras Visto por última vez Precio de reemplazo Tipo de ítem Koha
    Clasificación decimal universal     Biblioteca del Ateneo de Madrid Biblioteca del Ateneo de Madrid Depósito 2 20/02/2024 Compra   G-16135 101206813 20/02/2024 20/02/2024 Libro impreso